Writer's Choice Composition and Grammer. (Record no. 2578)
[ view plain ]
| 005 - DATE AND TIME OF LATEST TRANSACTION | |
|---|---|
| control field | 20250523143007.0 |
| 020 ## - INTERNATIONAL STANDARD BOOK NUMBER | |
| International Standard Book Number | 0-02-635262-1 |
| 082 ## - DEWEY DECIMAL CLASSIFICATION NUMBER | |
| Classification number | LECT 425 STR |
| 100 ## - MAIN ENTRY--PERSONAL NAME | |
| Author name | STRONG, W. |
| 245 ## - TITLE STATEMENT | |
| Title | Writer's Choice Composition and Grammer. |
| 250 ## - EDITION STATEMENT | |
| Edition statement | 3rd Ed. |
| 260 ## - PUBLICATION, DISTRIBUTION, ETC. | |
| Place of publication, distribution, etc. | California, |
| Name of publisher, distributor, etc. | Macmillan, |
| Date of publication, distribution, etc. | 1993. |
| 300 ## - PHYSICAL DESCRIPTION | |
| Extent | xxiv, 840p: ill.; figure, picture, table. |
| Other physical details | index, |
| Dimensions | 28cm, |
| 942 ## - ADDED ENTRY ELEMENTS (KOHA) | |
| Source of classification or shelving scheme | Dewey Decimal Classification |
| Koha item type | Books |
| Date last seen | Total checkouts | Full call number | Barcode | Cost, replacement price | Price effective from | Koha item type | Lost status | Source of classification or shelving scheme | Damaged status | Not for loan | Withdrawn status | Home library | Current library | Shelving location | Date acquired | Cost, normal purchase price |
|---|---|---|---|---|---|---|---|---|---|---|---|---|---|---|---|---|
| 05/23/2025 | LECT 425 STR | 0000009703 | 54000.00 | 05/23/2025 | Books | Dewey Decimal Classification | College of Business Education Main Library | College of Business Education Main Library | General Collection | 09/06/2000 | 18000.00 | |||||
| 05/23/2025 | LECT 425 STR | 0000009704 | 54000.00 | 05/23/2025 | Books | Dewey Decimal Classification | College of Business Education Main Library | College of Business Education Main Library | General Collection | 09/06/2000 | 18000.00 |
